000 00899nam a2200265 a 4500
001 59679
003 BD-RjUL
005 20211209080746.0
008 161226s1996 ii b 00100 eng d
020 _a8171008372
035 _a(BD-RjUL)59803
035 _a1364455
040 _aANL
_beng
_cANL
041 _aeng
082 0 4 _a347.0950954
_bMAE 1996
100 1 _aMathur, Virendra Kumar.
_9177599
245 1 0 _aEarly disposal of court cases :
_bsimplification of procedure, bottlenecks, role of bar and judiciary /
_cV.K. Mathur.
260 _aNew Delhi,
_bDeep & Deep Publicaations,
_cc1996.
300 _axiv, 331 p. ;
_c23 cm.
504 _aIncludes bibliographical references (p. [323]-327) and index.
650 0 _aCourt congestion and delay
_zIndia
_9177600
650 0 _aCourt congestion and delay.
_9177601
650 0 _aJustice, Administration of
_zIndia.
_9177602
942 _2ddc
_cBK
999 _c59679
_d59679